FoxGraph Příručka pro uživatele

Na minha lista:
Detalhes bibliográficos
Formato: Livro
Idioma:tcheco
Publicado em: Praha Grada 1991
Edição:1. vyd.
Colecção:Nestůjte za dveřmi
Tags: Adicionar Tag
Sem tags, seja o primeiro a adicionar uma tag!

MARC

LEADER 00000nam a2200000 4500
001 c001248
005 20240821130356.3
020 |a 80-85424-55-X 
041 0 |a cze 
044 |a CZ 
245 1 0 |a FoxGraph  |b Příručka pro uživatele  |c Karel Linhart 
250 |a 1. vyd. 
264 1 |a Praha  |b Grada  |c 1991 
300 |a 114 s. 
490 1 |a Nestůjte za dveřmi 
830 0 |a Nestůjte za dveřmi